Observations of deviance /

সংরক্ষণ করুন:
গ্রন্থ-পঞ্জীর বিবরন
অন্যান্য লেখক: Douglas, Jack D.
বিন্যাস: গ্রন্থ
ভাষা:ইংরেজি
প্রকাশিত: New York : Random House, c1970
ট্যাগগুলো: ট্যাগ যুক্ত করুন
কোনো ট্যাগ নেই, প্রথমজন হিসাবে ট্যাগ করুন!

MARC

LEADER 00000nam a22000007i 4500
001 IT\ICCU\TO0\1571805
003 ItRI
005 20260115232408.0
008 061218s1970 xxu|||||| ||||| |||||c
040 |b ita  |c importazione bologna sebina 
041 7 |a eng  |2 ISO-639-2 
245 0 0 |a Observations of deviance /  |c edited by Jack D. Douglas. 
260 |a New York :  |b Random House,  |c c1970 
300 |a VII, 340 p. ;  |c 24 cm. 
700 1 |a Douglas, Jack D.  |0 IT\ICCU\MILV\007597 
942 |2 ddc  |c BK  |n 0 
952 |0 0  |1 0  |4 0  |6 DOC_302_542000000000000_DOU  |7 0  |9 25367  |a BO  |b BO  |d 2026-01-15  |i 377  |l 0  |o DOC 302.542 DOU  |p BO377  |r 2026-01-15 23:24:08  |w 2026-01-15  |x [Sebina 5] [1 v.]  |y BK  |z 1 v. 
999 |c 21544  |d 21544